000 00275nam a22001337a 4500
020 _a0-7214-2444-9
082 _a823
_bYAT/T
100 _aIRENE
245 _aENGLISH SHORT STORY
260 _aUK
_bLADYBIRD
300 _a27
650 _aENGLISH SHORT STORY
_zUK
942 _cBK
999 _c4692
_d4692